|
|
|
|
| LEADER |
02022nam a2200385 a 4500 |
| 001 |
000000093 |
| 005 |
20080530101805.0 |
| 008 |
050727s1693 xo e lat |
| FMT |
|
|
|
| 040 |
|
|
|a SVKKK
|b slo
|c SVKKK
|e AACR2
|
| 041 |
0 |
|
|a lat
|
| 044 |
|
|
|a xo
|c SK
|
| 080 |
|
|
|a 241
|
| 100 |
1 |
|
|a Busenbaum, Hermann,
|d 1600-1668.
|4 aut
|
| 245 |
1 |
0 |
|a Medulla Theologiae Moralis :
|b Facili Ac Perspicua methodo resolvens Casu Conscientiae, Ex varijs probatísque Authoribus concinnata A R. P. Herm. Busenbaum é Sosietate Jesu. SS. Theologiae Licentiato. Poenitentibus aequé ac Confessarijs perquám utilis. Editio Novissima Recognita ab uno é Societate, [et] á multis mendis repurgata, quae in praecedentibus irrepserant. Accedunt propositiones ab Alexandro VII. [et] ab Innocentio XI. damnatae.
|
| 260 |
|
|
|a Tyrnaviae :
|b Typis Academicis, Per Joan. Adam. Friedl,
|c Anno 1693
|
| 300 |
|
|
|a [24],789,[43] s. )o(/12,A/12-Z/12,Aa/12-Ll/12,Mm/9 [=429] list. zach.
|c 12°. 12x7 cm
|
| 500 |
|
|
|a Vineta ornam., vineta ornam.-fig., linka ozdobná, verz. vo voľ. priestore na 2,3 r., typograf. ozdoby, kustódy.
|
| 500 |
|
|
|a Defekt - chýba koniec.
|
| 504 |
|
|
|a Na zl. Kk/11-Mm/5 predmetový register.
|
| 508 |
|
|
|a Na zl. )o(/2-)o(/3 nesignov. úvod. Na zl. )o(/12b approbatio od J. Panhaussa s datovaním "Paderbonae, 1652. 28. Julij."
|
| 510 |
4 |
|
|a Szabó II/474; Hanakovič I/130; Kolodziejský 43/300; Telgársky/Bánska I/551.
|
| 561 |
|
|
|a Peč.: Štátna vedecká knižnica v Košiciach; Kassai Kir. Jogakadémia Könyvtára. Rkp.: Inscriptus Catalogo Collegij Cassoviensis S. J. 1715.
|
| 563 |
|
|
|a Chýbajúca.
|
| 653 |
1 |
|
|a morálna teológia
|
| 700 |
1 |
|
|a Panhauss, Joannes
|4 cns
|
| 710 |
0 |
|
|a Akademická tlačiareň - Friedl, Ján Adam
|c Trnava
|d 1690-1693
|4 prt
|
| 710 |
0 |
|
|a knižnice - Knižnica Právnickej akadémie
|c Košice
|4 sgn
|
| 752 |
|
|
|a Slovensko
|d Trnava
|
| 852 |
|
|
|p RMK 2 PA
|
| 904 |
|
|
|a f--------aa------yyyb-0001--
|
| 905 |
|
|
|a ----0fb-
|
| 910 |
|
|
|a svkkk
|
| 998 |
|
|
|a TRNTL
|
| BAS |
|
|
|